Movies From Scenes Kinda Hard 2 - Statistics

General Stats
  • This quiz has been taken 35 times
  • The average score is 7 of 16
Answer Stats
Picture Answer % Correct
Gulliver's Travels
75%
Dumb and Dumber
68%
Maze Runner
68%
A Quiet Place
64%
Kingsman Secret Service
64%
Martian
61%
World War Z
50%
Interview
46%
Police Academy
43%
Dictator
39%
Mist
36%
Project X
25%
That's My Boy
21%
Race To Witch Mountain
18%
Road Trip
14%
3 Idiots
7%
No matching quizzes found
Score Distribution
Percent of People with Each Score
Percentile by Number Answered
Your Score History
You have not taken this quiz